000
00303nam a22001337a 4500
020
_a
030002880
082
_a
338.9 REY
100
_a
REYNOLDS,L.C
245
_a
IMAGE AND REALITY IN ECONOMIC DEVELOPMENT
260
_a
LONDON
_c
1977
300
_a
xi.497p,
_b
23cm
500
_a
include index
942
_c
BK
999
_c
16772
_d
16772